000 00233nam a2200097Ia 4500
001 691959
005 20250826161845.0
008 250824s9999 xx 000 0 und d
245 0 _aELFİDA
_cONUR KAPLAN
260 _bHAYY KİTAP YAYINLARI
999 _c691959
_d691959